| 000 | 01095cam a22002653a 4500 | ||
|---|---|---|---|
| 001 | 20714 | ||
| 003 | PGUSA | ||
| 005 | 20140828083436.0 | ||
| 008 | 070301s2007||||xxu|||||s|||||000 1 eng d | ||
| 040 |
_aPGUSA _beng |
||
| 042 | _adc | ||
| 050 | 4 | _aPS | |
| 100 | 1 |
_aGarland, Hamlin, _d1860-1940 |
|
| 245 | 1 | 0 |
_aOther Main-Travelled Roads _h[electronic resource] / _cHamlin Garland |
| 260 |
_bProject Gutenberg, _c2007 |
||
| 505 | 0 | _aIntroductory verse -- William Bacon's man -- Elder Pill, preacher -- A day of grace -- Lucretia Burns -- Daddy Deering -- A stop-over at Tyre -- A division in the coolly -- A fair exile -- An alien in the pines -- Before the low green door -- A preacher's love story -- An afterword: of winds, snows, and the stars. | |
| 506 | _aPublic domain in the USA. | ||
| 516 | _aElectronic text | ||
| 653 | _aWestern stories | ||
| 653 | _aWest (U.S.) -- Social life and customs -- Fiction | ||
| 653 | _aFrontier and pioneer life -- West (U.S.) -- Fiction | ||
| 830 | 0 |
_aProject Gutenberg _v20714 |
|
| 856 | 4 | 0 | _uhttp://www.gutenberg.org/ebooks/20714 |
| 942 | _cEB | ||
| 999 |
_c249969 _d249969 |
||